Sports Quiz

Random Sports Quiz

2009 Cleveland Indians Quiz Stats

 Plays Quiz not verified by Sporcle

Support Sporcle.
Go Orange.
Score 0/53 Timer 08:00
0 Plays Today
Number Player % Correct
13Asdrubal Cabrera
87.1%
54Chris Perez
87.1%
53Rafael Perez
87.1%
48Travis Hafner
83.9%
31Cliff Lee
83.9%
41Victor Martinez
83.9%
24Grady Sizemore
83.9%
55Fausto Carmona
80.6%
22Eric Wedge
77.4%
17Shin-Soo Choo
77.4%
2Jhonny Peralta
77.4%
63Justin Masterson
71%
7/16Matt LaPorta
64.5%
23/61Michael Brantley
61.3%
10Kelly Shoppach
61.3%
38Joe Smith
61.3%
25Ryan Garko
58.1%
63Rafael Betancourt
51.6%
34Kerry Wood
51.6%
29Josh Barfield
48.4%
12Ben Francisco
48.4%
57Zach Jackson
48.4%
32Aaron Laffey
48.4%
46Scott Lewis
45.2%
50Jensen Lewis
45.2%
30Lou Marson
45.2%
7Mark DeRosa
41.9%
Number Player % Correct
59Carlos Carrasco
38.7%
15/25Andy Marte
38.7%
49Tony Sipp
38.7%
26/62Trevor Crowe
35.5%
58David Huff
35.5%
1Luis Valbuena
35.5%
11Jamey Carroll
32.3%
8Chris Gimenez
29%
27Anthony Reyes
29%
45Jeremy Sowers
29%
20David Dellucci
25.8%
44Carl Pavano
25.8%
47Jose Veras
25.8%
16Tomo Ohka
22.6%
59Winston Abreu
19.4%
4Niuman Romero
19.4%
40Jess Todd
19.4%
36Greg Aquino
16.1%
39Vinnie Chulk
12.9%
20Mike Gosling
12.9%
4Tony Graffanino
12.9%
40Matt Herges
12.9%
30Masahide Kobayashi
12.9%
56Rich Rundles
12.9%
15Wyatt Toregas
12.9%
47Luis Vizcaino
12.9%

You're not logged in!

Compare scores with friends on all Sporcle quizzes.
OR
Log In
Forgot?

From the Vault

Riverdale Character Match-Up

by BoggelTeam

A.K.A. "Archie Comic Character Match-Up"
Remove Ads.
Support Sporcle.
Get the best of Sporcle when you Go Orange. This ad-free experience offers more features, more stats, and more fun while also helping to support Sporcle. Thank you for becoming a member.

Show Comments

Extras

Created Dec 31, 2012ReportNominate
Tags:2009, Cleveland, india, Player

Top Quizzes Today


Score Distribution

Your Account Isn't Verified!

In order to create a playlist on Sporcle, you need to verify the email address you used during registration. Go to your Sporcle Settings to finish the process.

Report this User

Report this user for behavior that violates our Community Guidelines.

Details: